| 000 | 00574nam a2200205Ia 4500 | ||
|---|---|---|---|
| 003 | OSt | ||
| 005 | 20230511094049.0 | ||
| 008 | 210423s2001 xx 000 0 und d | ||
| 040 | _cAL | ||
| 041 | _aeng | ||
| 082 |
_a615.19 _223 _bKLAC |
||
| 100 |
_aKLAASSEN (Curtis D). _9102177 |
||
| 245 | _aCasarett and Doulls toxicology: basic science of poisons. | ||
| 250 | _a6 | ||
| 260 |
_aNew Delhi _bOxford University Press _c2001 |
||
| 300 | _axix,1236 | ||
| 365 |
_b2399 _cINR |
||
| 906 | _abasic ; Casarett ; Doulls ; poisons. ; science ; Toxicology: | ||
| 942 |
_2ddc _cBK |
||
| 999 |
_c164116 _d164116 |
||